Statistics for Countries By Total Agricultural Production

Click here to take the quiz!

General Stats

  • This quiz has been taken 15,352 times
    (7,219 since last reset)
  • The average score is 22 of 29

Answer Stats

Per Capita $ Total $ Answer % Correct
1230 bilChina
100%
328 bilUnited States
100%
358 bilIndia
97%
166 bilBrazil
97%
70.6 bilRussia
96%
45.3 bilMexico
95%
66.1 bilFrance
95%
44.4 bilGermany
94%
108639.4 bilCanada
94%
1368Australia
93%
39.7 bilArgentina
93%
35.0 bilSpain
91%
47.1 bilItaly
90%
87.3 bilJapan
89%
137 bilIndonesia
87%
2649New Zealand
83%
66.7 bilTurkey
77%
49.9 bilPakistan
76%
37.1 bilThailand
76%
43.3 bilVietnam
75%
48.3 bilIran
71%
36.9 bilSouth Korea
69%
1361Greece
61%
1376Ireland
57%
1408Denmark
45%
1327Uruguay
30%
1124Belarus
26%
1072Costa Rica
19%
1373Mauritius
5%

Score Distribution

Percentile by Number Answered

Percent of People with Each Score

Your Score History

You have not taken this quiz since the last reset